Introduction To Fluid Mechanics (Record no. 26959)

MARC details
000 -LEADER
fixed length control field 00406nam a22001817a 4500
003 - CONTROL NUMBER IDENTIFIER
control field OSt
005 - DATE AND TIME OF LATEST TRANSACTION
control field 20220114094227.0
008 - FIXED-LENGTH DATA ELEMENTS--GENERAL INFORMATION
fixed length control field 220114b |||||||| |||| 00| 0 eng d
020 ## - INTERNATIONAL STANDARD BOOK NUMBER
International Standard Book Number 9788126515837
040 ## - CATALOGING SOURCE
Transcribing agency HU
082 ## - DEWEY DECIMAL CLASSIFICATION NUMBER
Classification number 532
100 ## - MAIN ENTRY--PERSONAL NAME
Personal name Fox .W Robert
9 (RLIN) 27933
245 ## - TITLE STATEMENT
Title Introduction To Fluid Mechanics
250 ## - EDITION STATEMENT
Edition statement 5ed
260 ## - PUBLICATION, DISTRIBUTION, ETC.
Place of publication, distribution, etc. India
Name of publisher, distributor, etc. India
300 ## - PHYSICAL DESCRIPTION
Type of unit 762
942 ## - ADDED ENTRY ELEMENTS (KOHA)
Source of classification or shelving scheme Dewey Decimal Classification
Koha item type Books like text book referance book
Suppress in OPAC No
Holdings
Withdrawn status Lost status Source of classification or shelving scheme Damaged status Not for loan Home library Current library Shelving location Date acquired Total Checkouts Full call number Barcode Date last seen Copy number Price effective from Koha item type
    Dewey Decimal Classification     IoT Library IoT Library General Stacks 01/14/2022   532/FOX/2009 IOTL0004663 01/14/2022 1 01/14/2022 Books like text book referance book
    Dewey Decimal Classification     IoT Library IoT Library General Stacks 01/14/2022   532/FOX/2009 IOTL0004664 01/14/2022 2 01/14/2022 Books like text book referance book
    Dewey Decimal Classification     IoT Library IoT Library General Stacks 01/14/2022   532/FOX/2009 IOTL0004665 01/14/2022 3 01/14/2022 Books like text book referance book